Search the Library Catalogue
| 000 -LEADER | |
|---|---|
| fixed length control field | 00680nam a2200193 a 4500 |
| 008 - FIXED-LENGTH DATA ELEMENTS--GENERAL INFORMATION | |
| fixed length control field | 260503s2026##################000#0#eng## |
| 020 ## - INTERNATIONAL STANDARD BOOK NUMBER | |
| ISBN | 9788184781571 |
| Paper back/Hardbound | pbk |
| 041 ## - LANGUAGE CODE | |
| Language code of text/sound track or separate title | eng |
| 082 04 - DEWEY DECIMAL CLASSIFICATION NUMBER | |
| Classification number | 343.540532 GUP |
| 100 ## - MAIN ENTRY--AUTHOR NAME | |
| Personal name | Gupta.S.S. |
| 245 10 - TITLE STATEMENT | |
| Title | Taxmann's Service Tax How to Meet Your Obligations |
| Sub Title | As Amended by Finance Act 2010 & Incorporating Notifications Issued on 22nd June 2010 (New Services Effective From 1st July 2010) |
| Statement of responsibility, etc | S.S.Gupta |
| 250 ## - EDITION STATEMENT | |
| Edition statement | 29th Ed |
| 260 ## - PUBLICATION, DISTRIBUTION, ETC. (IMPRINT) | |
| Place of publication | New Delhi |
| Name of publisher | Taxmann's Allied Services.LTD |
| Year of publication | 2010 |
| 300 ## - PHYSICAL DESCRIPTION | |
| Number of Pages | 1342p. : |
| Dimensions | 25cm. |
| 490 ## - SERIES STATEMENT | |
| Volume number/sequential designation | vol 1 |
| 650 ## - SUBJECT ADDED ENTRY--TOPICAL TERM | |
| Topical Term | Military, tax, trade & industrial law |
| 942 ## - ADDED ENTRY ELEMENTS (KOHA) | |
| Koha item type | English Books |
| Withdrawn status | Lost status | Damaged status | Not for loan | Home library | Current library | Date acquired | Full call number | Accession Number | Price effective from | Koha item type |
|---|---|---|---|---|---|---|---|---|---|---|
| Anna Centenary Library | Anna Centenary Library | 03.05.2026 | 343.540532 GUP | 93375 | 03.05.2026 | English Books |